000
00309nam a2200133Ia 4500
008
190216s9999||||xx |||||||||||||| ||und||
100
_a
Sinha. R.K
245
0
_a
Fiscal Federalism In India
250
_a
1st Ed.
260
_b
Sterling Publications
_c
1987
300
_a
394
650
_a
Economics
942
_c
BK
999
_c
9787
_d
9787